[Event "Bodensee-Cup"]
[Site "Kreuzlingen"]
[Date "2005.04.29"]
[Round "1.1"]
[White "Zeller, Frank"]
[Black "Keitlinghaus, Ludger"]
[Result "0-1"]
[WhiteElo "2426"]
[BlackElo "2493"]
[PlyCount "114"]
[EventDate "2005.??.??"]
[EventType "team"]
[EventRounds "3"]
[EventCategory "1"]
[WhiteTeam "Württemberg"]
[BlackTeam "Baden"]

1. e4 e5 2. f4 exf4 3. Nf3 d6 4. d4 g5 5. Nc3 g4 6. Bxf4 gxf3 7. Qxf3 Bh6 8.
Bxh6 Qh4+ 9. g3 Qxh6 10. Nd5 Kd8 11. Qxf7 Bd7 12. Bh3 Qg6 13. Qf8+ Qe8 14.
Qxe8+ Bxe8 15. O-O c6 16. Nf4 Ke7 17. e5 Nd7 18. Ne6 Bg6 19. exd6+ Kxd6 20. c4
Ngf6 21. Rae1 Rab8 22. c5+ Ke7 23. Ng5+ Kd8 24. Re6 Re8 25. Rd6 Ke7 26. Re6+
Kf8 27. Rexf6+ Nxf6 28. Rxf6+ Kg7 29. Rd6 Re7 30. Ne6+ Kg8 31. Nf4 Bf7 32. a4
Rbe8 33. Kf2 Re1 34. Rd7 R8e7 35. Rd8+ Kg7 36. Bf5 Ra1 37. b4 Rxa4 38. b5 Ra2+
39. Kf3 Rxh2 40. bxc6 bxc6 41. Bd7 Rh6 42. g4 Rf6 43. Bf5 h5 44. Rc8 hxg4+ 45.
Kxg4 Re1 46. Kg5 Rg1+ 47. Bg4 Rxf4 48. Kxf4 Rxg4+ 49. Ke5 Bd5 50. Rc7+ Kg6 51.
Rxa7 Re4+ 52. Kd6 Rxd4 53. Re7 Re4 54. Ra7 Re6+ 55. Kd7 Kf5 56. Ra1 Rh6 57. Re1
Be4 0-1

[Event "Bodensee-Cup"]
[Site "Kreuzlingen"]
[Date "2005.04.29"]
[Round "1.2"]
[White "Miltner, Arndt"]
[Black "Schmittdiel, Eckhard"]
[Result "1-0"]
[WhiteElo "2392"]
[BlackElo "2454"]
[PlyCount "65"]
[EventDate "2005.??.??"]
[EventType "team"]
[EventRounds "3"]
[EventCategory "1"]
[WhiteTeam "Baden"]
[BlackTeam "Württemberg"]

1. Nf3 b6 2. e4 Bb7 3. d3 g6 4. g3 Bg7 5. Bg2 e5 6. Nc3 Ne7 7. h4 h6 8. Be3 c5
9. Qd2 Nbc6 10. h5 g5 11. Nh2 Nd4 12. f4 d5 13. fxg5 hxg5 14. Ng4 Qd7 15. h6
Qxg4 16. hxg7 Rxh1+ 17. Bxh1 Nf3+ 18. Bxf3 Qxf3 19. Bxg5 f6 20. Bh4 Qh1+ 21.
Kf2 Qh2+ 22. Ke1 Qg1+ 23. Ke2 Qxa1 24. Qh6 Ng8 25. Qh5+ Ke7 26. Qxe5+ Kf7 27.
Qc7+ Kg6 28. Qxb7 Re8 29. Nxd5 Qxb2 30. Nf4+ Kh7 31. Qf7 Qxc2+ 32. Kf3 Qd1+ 33.
Kg2 1-0

[Event "Bodensee-Cup"]
[Site "Kreuzlingen"]
[Date "2005.04.29"]
[Round "1.3"]
[White "Heidenfeld, Mark"]
[Black "Boguslavskyy, Oleg"]
[Result "1/2-1/2"]
[WhiteElo "2344"]
[BlackElo "2384"]
[PlyCount "97"]
[EventDate "2005.??.??"]
[EventType "team"]
[EventRounds "3"]
[EventCategory "1"]
[WhiteTeam "Württemberg"]
[BlackTeam "Baden"]

1. e4 e5 2. Nf3 Nc6 3. Bb5 g6 4. O-O Bg7 5. Re1 Nge7 6. c3 O-O 7. d4 d6 8. h3
h6 9. Be3 a6 10. Ba4 b5 11. Bc2 Bb7 12. dxe5 dxe5 13. Bc5 Qxd1 14. Rxd1 Rfd8
15. Rxd8+ Rxd8 16. a4 bxa4 17. Nbd2 Nc8 18. Bxa4 Nb8 19. Nc4 Bxe4 20. Ncxe5
Bxe5 21. Nxe5 Rd5 22. Ng4 Rxc5 23. Nf6+ Kg7 24. Nxe4 Re5 25. Bc2 f5 26. Nd2 Nb6
27. Kf1 a5 28. Ba4 Na6 29. Nf3 Rc5 30. Nd4 Re5 31. Bb5 Nc5 32. Rxa5 Nd3 33. Ra1
Nxb2 34. Ra7 Nd5 35. c4 Nc3 36. Rxc7+ Kf6 37. Rc6+ Kg7 38. Re6 Nxb5 39. cxb5
Rd5 40. Re2 Nd3 41. Ne6+ Kf7 42. b6 Rb5 43. Nd8+ Kf6 44. Rc2 Rb1+ 45. Ke2 Nf4+
46. Kf3 Nd5 47. Rc6+ Kg7 48. Ne6+ Kf7 49. Nd8+ 1/2-1/2

[Event "Bodensee-Cup"]
[Site "Kreuzlingen"]
[Date "2005.04.29"]
[Round "1.4"]
[White "Weindl, Alfred"]
[Black "Gheng, Josef"]
[Result "0-1"]
[WhiteElo "2342"]
[BlackElo "2339"]
[PlyCount "64"]
[EventDate "2005.??.??"]
[EventType "team"]
[EventRounds "3"]
[EventCategory "1"]
[WhiteTeam "Baden"]
[BlackTeam "Württemberg"]

1. Nf3 Nf6 2. g3 d5 3. Bg2 g6 4. O-O Bg7 5. d3 O-O 6. Nbd2 Re8 7. e4 e5 8. c3
c6 9. Re1 Na6 10. b4 Nc7 11. Bb2 Nd7 12. Nb3 b6 13. Qc2 Bb7 14. Rad1 a5 15.
bxa5 bxa5 16. a4 Ne6 17. Ba3 Qc7 18. Nfd2 f5 19. Qa2 Kh8 20. Nf3 Bf6 21. Bh3
Ng7 22. Nc5 Nxc5 23. Bxc5 Ba6 24. Qa3 Bxd3 25. exd5 e4 26. d6 Qd7 27. Nd4 Rab8
28. Bf1 Bxf1 29. Kxf1 f4 30. gxf4 Qh3+ 31. Kg1 Nf5 32. Nxf5 gxf5 0-1

[Event "Bodensee-Cup"]
[Site "Kreuzlingen"]
[Date "2005.04.29"]
[Round "1.5"]
[White "Lorscheid, Gerhard"]
[Black "Raupp, Thomas"]
[Result "1/2-1/2"]
[WhiteElo "2284"]
[BlackElo "2350"]
[PlyCount "140"]
[EventDate "2005.??.??"]
[EventType "team"]
[EventRounds "3"]
[EventCategory "1"]
[WhiteTeam "Württemberg"]
[BlackTeam "Baden"]

1. d4 d5 2. c4 c6 3. Nc3 Nf6 4. e3 a6 5. Nf3 b5 6. c5 Bg4 7. Qb3 Nbd7 8. a4
Bxf3 9. gxf3 e6 10. Qa3 Rc8 11. Bd2 Qc7 12. axb5 axb5 13. Qa5 Qxa5 14. Rxa5 Be7
15. Bh3 O-O 16. O-O Ra8 17. Rfa1 Rxa5 18. Rxa5 Rc8 19. Na2 Kf8 20. Ra7 Bd8 21.
Ba5 Bxa5 22. Rxa5 Ng8 23. Ra7 Ke8 24. Nb4 Ne7 25. Kf1 Kd8 26. Ke2 Rc7 27. Ra8+
Rc8 28. Ra1 Nf6 29. Kd3 Ng6 30. f4 Ne7 31. f3 Nh5 32. Kc3 Nf6 33. Nd3 Nd7 34.
Rg1 g6 35. Ra1 f5 36. Ra6 Rb8 37. Nb4 Rc8 38. Bf1 Nb8 39. Ra7 Rc7 40. Ra8 Rc8
41. Be2 Nd7 42. Ra6 Nb8 43. Ra7 Rc7 44. Ra8 Rc8 45. h4 h5 46. Kd2 Nd7 47. Ra6
Nb8 48. Ra7 Rc7 49. Ra8 Rc8 50. Ke1 Nd7 51. Ra6 Nb8 52. Ra7 Rc7 53. Ra8 Rc8 54.
Kf2 Nd7 55. Ra6 Nb8 56. Ra7 Rc7 57. Ra8 Rc8 58. Nd3 Nd7 59. Ra1 Rb8 60. b4 Kc7
61. Ne5 Nxe5 62. Ra7+ Rb7 63. Rxb7+ Kxb7 64. fxe5 Kc7 65. Kg3 Kd7 66. Kf4 Ke8
67. Kg5 Kf7 68. Bd3 Kg7 69. e4 Ng8 70. exf5 exf5 1/2-1/2

[Event "Bodensee-Cup"]
[Site "Kreuzlingen"]
[Date "2005.04.29"]
[Round "1.6"]
[White "Bogner, Sebastian"]
[Black "Bräuning, Rudolf Wilhelm"]
[Result "1-0"]
[WhiteElo "2409"]
[BlackElo "2297"]
[PlyCount "128"]
[EventDate "2005.??.??"]
[EventType "team"]
[EventRounds "3"]
[EventCategory "1"]
[WhiteTeam "Baden"]
[BlackTeam "Württemberg"]

1. e4 d5 2. exd5 Qxd5 3. Nc3 Qa5 4. d4 c6 5. Bc4 Bf5 6. Bd2 e6 7. Nge2 Qc7 8.
Ng3 Bg6 9. Qe2 Bb4 10. O-O-O Ne7 11. h4 h5 12. Kb1 Bxc3 13. Bxc3 Nd7 14. Rhe1
O-O-O 15. Bd2 Nb6 16. Ba5 Qf4 17. Bd3 Qxh4 18. Bxg6 Nxg6 19. Ne4 Nf4 20. Qf1
Qe7 21. g3 Nfd5 22. c4 Nc7 23. Re3 h4 24. Rb3 e5 25. c5 exd4 26. Re1 Kb8 27.
cxb6 axb6 28. Bxb6 Rhe8 29. Bc5 Qe6 30. Bb4 Qg6 31. Qd3 hxg3 32. fxg3 Rd5 33.
Nf2 Rxe1+ 34. Bxe1 Qe6 35. Bd2 g5 36. a4 f5 37. Bxg5 Qe1+ 38. Nd1 Ne6 39. Bf4+
Kc8 40. Qd2 Qe4+ 41. Ka2 Nc5 42. Rb4 Qe6 43. b3 Ne4 44. Qb2 c5 45. Rc4 Qa6 46.
Qh2 b5 47. Qh8+ Rd8 48. Qe5 Rd6 49. Qxf5+ Re6 50. Qf8+ Kd7 51. Qf7+ Kd8 52.
Qc7+ Ke8 53. Qb8+ Kf7 54. Qxb5 Qxb5 55. axb5 Rb6 56. b4 Rxb5 57. bxc5 Rxc5 58.
Rxc5 Nxc5 59. Kb2 Ke6 60. Kc2 Kf5 61. Nf2 Ke6 62. Kd2 Kf5 63. Bd6 Nb7 64. Be7
Ke6 {Restpartie nicht rekonstruierbar. Zeitüberschreitung} 1-0

[Event "Bodensee-Cup"]
[Site "Kreuzlingen"]
[Date "2005.04.29"]
[Round "1.7"]
[White "Bauer, Peter"]
[Black "Schwalfenberg, Jörg"]
[Result "1/2-1/2"]
[WhiteElo "2271"]
[BlackElo "2351"]
[PlyCount "69"]
[EventDate "2005.??.??"]
[EventType "team"]
[EventRounds "3"]
[EventCategory "1"]
[WhiteTeam "Württemberg"]
[BlackTeam "Baden"]

1. e4 c6 2. d4 d5 3. Nd2 dxe4 4. Nxe4 Nf6 5. Nxf6+ exf6 6. c3 Bd6 7. Bd3 O-O 8.
Qc2 Re8+ 9. Ne2 h6 10. Be3 Be6 11. O-O Qc7 12. h3 Nd7 13. Qd2 c5 14. Nf4 cxd4
15. cxd4 Nb6 16. Rac1 Qd7 17. Nxe6 fxe6 18. Qa5 Nd5 19. Bb5 Qd8 20. Qxd8 Rexd8
21. Bd2 Bc7 22. Rfe1 Kf7 23. Bc4 Bb6 24. Bc3 Rac8 25. Bb3 Rc6 26. g3 Nc7 27.
Rcd1 Rcd6 28. Re4 f5 29. Re5 g6 30. Rde1 Re8 31. Ba4 Red8 32. Bb3 Re8 33. Ba4
Red8 34. Bb3 Re8 35. Ba4 1/2-1/2

[Event "Bodensee-Cup"]
[Site "Kreuzlingen"]
[Date "2005.04.29"]
[Round "1.8"]
[White "Zuse, Klaus-Peter"]
[Black "Knödler, Dieter"]
[Result "1/2-1/2"]
[WhiteElo "2311"]
[BlackElo "2345"]
[PlyCount "86"]
[EventDate "2005.??.??"]
[EventType "team"]
[EventRounds "3"]
[EventCategory "1"]
[WhiteTeam "Baden"]
[BlackTeam "Württemberg"]

1. c4 Nf6 2. g3 c5 3. Bg2 Nc6 4. Nc3 e6 5. Nf3 d5 6. cxd5 Nxd5 7. O-O Be7 8. d4
O-O 9. Nxd5 exd5 10. Be3 c4 11. b3 cxb3 12. Qxb3 Na5 13. Qd3 Be6 14. Rab1 a6
15. Bd2 b5 16. Ne5 Rc8 17. a4 bxa4 18. e4 Nb3 19. Rfd1 Nxd2 20. Qxd2 a5 21. Qa2
dxe4 22. d5 Bf5 23. Nc6 Qd7 24. Qc2 a3 25. Bxe4 Bxe4 26. Qxe4 Bf6 27. Ne5 Qd6
28. f4 Rfe8 29. Re1 Qc5+ 30. Kh1 Red8 31. Rbd1 a2 32. Qa4 a1=Q 33. Qxa1 Rxd5
34. Qa2 Rcd8 35. Rc1 Qf8 36. Nc6 R8d6 37. Rb1 Rc5 38. Rb8 Rdxc6 39. Ree8 Be7
40. Rxf8+ Bxf8 41. Qa4 Rc8 42. Rxc8 Rxc8 43. Qxa5 Rc5 1/2-1/2

[Event "Bodensee-Cup"]
[Site "Kreuzlingen"]
[Date "2005.04.29"]
[Round "1.9"]
[White "Ortmann, David"]
[Black "Schneider, Bernd"]
[Result "1/2-1/2"]
[WhiteElo "2311"]
[BlackElo "2308"]
[PlyCount "106"]
[EventDate "2005.??.??"]
[EventType "team"]
[EventRounds "3"]
[EventCategory "1"]
[WhiteTeam "Württemberg"]
[BlackTeam "Baden"]

1. Nf3 Nf6 2. c4 g6 3. Nc3 Bg7 4. e4 d6 5. d4 O-O 6. Be2 Bg4 7. Be3 Nc6 8. Rc1
e5 9. d5 Bxf3 10. Bxf3 Nd4 11. O-O Re8 12. Nb5 Nxf3+ 13. Qxf3 c5 14. dxc6 bxc6
15. Nc3 Qa5 16. Rfd1 Qb4 17. Rd2 Re6 18. Qd1 Bf8 19. f3 a5 20. a3 Qb7 21. c5 d5
22. exd5 cxd5 23. Nxd5 Nxd5 24. Rxd5 e4 25. fxe4 Rxe4 26. Rd7 Qc6 27. Bf2 Rb8
28. Qd5 Qxd5 29. Rxd5 Rxb2 30. c6 Ree2 31. c7 Rxf2 32. Rg5 h6 33. Rg3 Rfc2 34.
c8=Q Rxc8 35. Rxc8 Kg7 36. Rd3 Ra2 37. Rcc3 Be7 38. Kf1 h5 39. Rf3 Bd6 40. h3
f5 41. Rfd3 Bf8 42. Rd7+ Kf6 43. Rd5 Rxa3 44. Rxa3 Bxa3 45. Rxa5 Bc1 46. Ke2 h4
47. Kf3 Bd2 48. Ra6+ Kf7 49. Ke2 Bf4 50. Kd3 Bg3 51. Kd4 Bh2 52. Kd5 Bg3 53.
Ra4 Kf6 1/2-1/2

[Event "Bodensee-Cup"]
[Site "Kreuzlingen"]
[Date "2005.04.29"]
[Round "1.10"]
[White "Reefschläger, Helmut"]
[Black "Behm, Simon"]
[Result "1/2-1/2"]
[WhiteElo "2303"]
[BlackElo "2214"]
[PlyCount "86"]
[EventDate "2005.??.??"]
[EventType "team"]
[EventRounds "3"]
[EventCategory "1"]
[WhiteTeam "Baden"]
[BlackTeam "Württemberg"]

1. d4 d5 2. c4 c6 3. cxd5 cxd5 4. Nf3 Nf6 5. Nc3 Nc6 6. Bf4 Bf5 7. e3 e6 8. Qb3
Bb4 9. Bb5 O-O 10. Bxc6 Bxc3+ 11. Qxc3 Rc8 12. Ne5 bxc6 13. Rc1 c5 14. dxc5 Ne4
15. Qa3 f6 16. Nf3 e5 17. Bg3 a5 18. O-O Qe7 19. Rfd1 Be6 20. Ne1 Rc7 21. f3
Nxc5 22. Qxa5 Rfc8 23. Qd2 Na4 24. Nd3 Rxc1 25. Rxc1 Rxc1+ 26. Qxc1 Qb7 27. b3
Qb5 28. Nxe5 fxe5 29. bxa4 Qxa4 30. Bxe5 Qxa2 31. h3 Qa7 32. Bd4 Qb7 33. Qa1
Bf5 34. Kh2 h5 35. Qc3 Kh7 36. g4 hxg4 37. hxg4 Bg6 38. Kg3 Qd7 39. Qc5 Qb7 40.
Qd6 Qb1 41. Kf4 Qh1 42. Kg3 Qg1+ 43. Kh4 Qh1+ 1/2-1/2

[Event "Bodensee-Cup"]
[Site "Kreuzlingen"]
[Date "2005.04.29"]
[Round "1.11"]
[White "Mijatovic, Vladimir"]
[Black "Eisenbeiser, Amadeus"]
[Result "0-1"]
[WhiteElo "2181"]
[BlackElo "2304"]
[PlyCount "102"]
[EventDate "2005.??.??"]
[EventType "team"]
[EventRounds "3"]
[EventCategory "1"]
[WhiteTeam "Württemberg"]
[BlackTeam "Baden"]

1. e4 c5 2. Nf3 e6 3. d4 cxd4 4. Nxd4 a6 5. Be3 Nf6 6. Bd3 Qc7 7. O-O d5 8. Qf3
Bd6 9. Nd2 Nbd7 10. g3 Ne5 11. Qe2 Nxd3 12. cxd3 e5 13. N4b3 Be6 14. Rac1 Qe7
15. Bg5 O-O 16. exd5 Bxd5 17. Ne4 Bxe4 18. dxe4 h6 19. Bd2 Rfd8 20. Ba5 Rdc8
21. Rc2 Rxc2 22. Qxc2 Nd7 23. Bc7 Nf6 24. Ba5 Nh7 25. Rd1 Ng5 26. Qd3 Bc7 27.
Bxc7 Qxc7 28. Kg2 Qc8 29. h4 Qh3+ 30. Kg1 Ne6 31. Qc2 b5 32. Rd5 Nd4 33. Qd1
Nxb3 34. axb3 Re8 35. Rd8 Rxd8 36. Qxd8+ Kh7 37. Qd6 Qg4 38. Qxe5 Qd1+ 39. Kg2
Qxb3 40. Qf5+ g6 41. Qe5 h5 42. Qd4 a5 43. Kf1 a4 44. Ke1 Qc2 45. Qb4 Qd3 46.
e5 Qd5 47. Qc3 Qe4+ 48. Kd2 b4 49. Qc5 b3 50. Qc3 Qf5 51. Qc4 Qxf2+ 0-1

[Event "Bodensee-Cup"]
[Site "Kreuzlingen"]
[Date "2005.04.29"]
[Round "1.12"]
[White "Gattenlöhner, Sebastian"]
[Black "Latzke, Boris Alexander"]
[Result "0-1"]
[WhiteElo "2229"]
[BlackElo "2283"]
[PlyCount "64"]
[EventDate "2005.??.??"]
[EventType "team"]
[EventRounds "3"]
[EventCategory "1"]
[WhiteTeam "Baden"]
[BlackTeam "Württemberg"]

1. e4 e5 2. Bc4 Nf6 3. d3 Nc6 4. Nf3 Bc5 5. c3 a6 6. Bb3 d6 7. Nbd2 O-O 8. O-O
Bg4 9. Re1 Qd7 10. Nc4 Kh8 11. Be3 Rad8 12. Bc2 b5 13. d4 Bxf3 14. gxf3 exd4
15. cxd4 bxc4 16. dxc5 Qh3 17. Qe2 Ne5 18. Bd1 dxc5 19. Bf4 Nd3 20. Bxc7 Rd7
21. Bg3 Rfd8 22. Qf1 Qh6 23. Re3 Nh5 24. b3 c3 25. Bc2 Nhf4 26. Rd1 Nh3+ 27.
Kg2 Ndf4+ 28. Kh1 Rxd1 29. Bxd1 Qd6 30. Bc2 Qd2 31. Rd3 Nxd3 32. Bxd3 Qxd3 0-1

[Event "Bodensee-Cup"]
[Site "Kreuzlingen"]
[Date "2005.04.29"]
[Round "1.1"]
[White "Bönsch, Uwe"]
[Black "Jenni, Florian"]
[Result "1/2-1/2"]
[WhiteElo "2540"]
[BlackElo "2496"]
[PlyCount "84"]
[EventDate "2005.??.??"]
[EventType "team"]
[EventRounds "3"]
[EventCategory "1"]
[WhiteTeam "Bayern"]
[BlackTeam "Schweiz"]

1. d4 Nf6 2. c4 e6 3. Nf3 b6 4. g3 Ba6 5. Nbd2 d5 6. cxd5 exd5 7. Bg2 Be7 8.
O-O O-O 9. Ne5 Bb7 10. b3 c5 11. Bb2 a5 12. Rc1 Na6 13. dxc5 bxc5 14. Nd3 Qb6
15. Bxf6 Bxf6 16. e4 Rad8 17. Qc2 Bd4 18. exd5 Nb4 19. Nxb4 axb4 20. Nf3 Bxd5
21. Nxd4 Bxg2 22. Kxg2 cxd4 23. Qd3 Rc8 24. Rxc8 Rxc8 25. Rd1 Qc6+ 26. Qf3 Qd6
27. Qe4 Rd8 28. Rd3 g6 29. g4 h6 30. h3 Kg7 31. Kg1 Rd7 32. Kg2 Kh7 33. Kg1 Qc5
34. Kg2 Qa7 35. Qc6 Rd8 36. Qc4 Kg8 37. Qxb4 Qa8+ 38. Kh2 Qxa2 39. Qd2 Qb1 40.
b4 Ra8 41. Qd1 Qxb4 42. Rxd4 Qc5 1/2-1/2

[Event "Bodensee-Cup"]
[Site "Kreuzlingen"]
[Date "2005.04.29"]
[Round "1.2"]
[White "Züger, Beat"]
[Black "Prusikin, Michael"]
[Result "1/2-1/2"]
[WhiteElo "2420"]
[BlackElo "2540"]
[PlyCount "34"]
[EventDate "2005.??.??"]
[EventType "team"]
[EventRounds "3"]
[EventCategory "1"]
[WhiteTeam "Schweiz"]
[BlackTeam "Bayern"]

1. c4 e6 2. g3 d5 3. Bg2 Nf6 4. d4 Bb4+ 5. Bd2 Be7 6. Nf3 O-O 7. O-O c6 8. Qc2
Nbd7 9. Rd1 b6 10. cxd5 cxd5 11. Nc3 Bb7 12. Rac1 Rc8 13. Qb3 a6 14. a4 Bd6 15.
Bf4 Qe7 16. Bxd6 Qxd6 17. e3 Rc7 1/2-1/2

[Event "Bodensee-Cup"]
[Site "Kreuzlingen"]
[Date "2005.04.29"]
[Round "1.3"]
[White "Koch, Moritz"]
[Black "Moor, Olivier"]
[Result "0-1"]
[WhiteElo "2232"]
[BlackElo "2387"]
[PlyCount "117"]
[EventDate "2005.??.??"]
[EventType "team"]
[EventRounds "3"]
[EventCategory "1"]
[WhiteTeam "Bayern"]
[BlackTeam "Schweiz"]

1. e4 e6 2. d4 d5 3. Nd2 Nf6 4. e5 Nfd7 5. Bd3 c5 6. c3 Nc6 7. Ngf3 cxd4 8.
cxd4 Qb6 9. O-O a5 10. Re1 g6 11. h4 Be7 12. Nb1 Nxd4 13. Nc3 Nxf3+ 14. Qxf3
Bxh4 15. Nb5 O-O 16. Bh6 Be7 17. Rac1 Nc5 18. Be3 Qc6 19. Bh6 Rd8 20. Nd6 Rxd6
21. exd6 Qxd6 22. Bb5 e5 23. Qg3 f6 24. Red1 Be6 25. Rc2 Rd8 26. Bd2 b6 27. Qa3
Kf7 28. b4 Ne4 29. Rc6 axb4 30. Qe3 Qb8 31. Rxe6 Kxe6 32. Qh3+ f5 33. Qxh7 Rg8
34. Be3 Nc5 35. Bc6 d4 36. Bb5 Qf8 37. Bc4+ Kf6 38. Qxg8 dxe3 39. Qxf8+ Bxf8
40. fxe3 Ne4 41. Rd3 Bc5 42. Kf1 Ng3+ 43. Ke1 e4 44. Rd8 Bxe3 45. Rd6+ Kg7 46.
Rd7+ Kh6 47. Rd6 Bc5 48. Rc6 Nh5 49. Bf7 Nf4 50. Kf1 Kg7 51. Be8 g5 52. Bd7 Nd5
53. Re6 Ne3+ 54. Ke2 Nc2 55. Re5 Nd4+ 56. Kf1 Kf6 57. Re8 g4 58. g3 Bd6 59. Kg2
0-1

[Event "Bodensee-Cup"]
[Site "Kreuzlingen"]
[Date "2005.04.29"]
[Round "1.4"]
[White "Ballmann, Martin"]
[Black "Hecht, Hans-Joachim"]
[Result "1/2-1/2"]
[WhiteElo "2410"]
[BlackElo "2384"]
[PlyCount "125"]
[EventDate "2005.??.??"]
[EventType "team"]
[EventRounds "3"]
[EventCategory "1"]
[WhiteTeam "Schweiz"]
[BlackTeam "Bayern"]

1. d4 Nf6 2. Nf3 e6 3. Bg5 h6 4. Bh4 b6 5. e3 Bb7 6. Bd3 Be7 7. O-O c5 8. c3
O-O 9. Nbd2 cxd4 10. cxd4 d6 11. Qe2 Nbd7 12. e4 e5 13. Rfe1 Nh5 14. Bxe7 Qxe7
15. Bb5 Nf4 16. Qe3 Nf6 17. g3 Ng6 18. Qa3 a6 19. Bd3 b5 20. Nb3 Rac8 21. d5
Qc7 22. Rac1 Qb6 23. Qa5 Qa7 24. Rxc8 Rxc8 25. Re2 Qb8 26. Rc2 Nd7 27. Qd2 Rxc2
28. Qxc2 Ne7 29. Nfd2 Qc8 30. Na5 Qxc2 31. Bxc2 Bc8 32. a4 Nc5 33. axb5 axb5
34. Nb1 Bd7 35. Na3 Kf8 36. b4 Na6 37. Bd3 Nxb4 38. Bxb5 Bxb5 39. Nxb5 Nc8 40.
Nc4 Ke7 41. f3 f5 42. Ne3 fxe4 43. fxe4 g6 44. Nc4 Nd3 45. Kg2 Nc5 46. Kf3 Nd7
47. Na5 Nf6 48. Nc4 h5 49. h4 Kd7 50. Ne3 Ne7 51. g4 hxg4+ 52. Nxg4 Neg8 53.
Ne3 Nh6 54. Na3 Nf7 55. Ng4 Nh5 56. Nf2 Ke7 57. Nh3 Nf6 58. Nc4 Nd7 59. Na5 Nf6
60. Nc4 Nh5 61. Nd2 Nf6 62. Nf1 Nh5 63. Ne3 1/2-1/2

[Event "Bodensee-Cup"]
[Site "Kreuzlingen"]
[Date "2005.04.29"]
[Round "1.5"]
[White "Renner, Christoph"]
[Black "Moor, Roger"]
[Result "0-1"]
[WhiteElo "2414"]
[BlackElo "2399"]
[PlyCount "74"]
[EventDate "2005.??.??"]
[EventType "team"]
[EventRounds "3"]
[EventCategory "1"]
[WhiteTeam "Bayern"]
[BlackTeam "Schweiz"]

1. e4 c5 2. d3 Nc6 3. g3 e6 4. Bg2 d5 5. Nd2 b5 6. Ngf3 Bd6 7. O-O Nge7 8. Re1
O-O 9. e5 Bc7 10. c3 b4 11. Nb3 Bb6 12. Be3 c4 13. dxc4 bxc3 14. bxc3 dxc4 15.
Nbd4 Bb7 16. Qc2 Nxd4 17. cxd4 Bxf3 18. Bxf3 Rc8 19. Bb7 Rc7 20. Be4 h6 21.
Rad1 Nd5 22. Bc1 Ba5 23. Ba3 Bxe1 24. Rxe1 Re8 25. Bd6 Rc8 26. Bc5 Qa5 27. Rc1
Nb6 28. Bd6 c3 29. Bb7 Rc4 30. Qe2 Rxd4 31. Qe3 Rc4 32. Be4 Qxa2 33. Bd3 Nd5
34. Qe1 c2 35. Qe2 Rec8 36. Kg2 Qb2 37. Bxc4 Qxc1 0-1

[Event "Bodensee-Cup"]
[Site "Kreuzlingen"]
[Date "2005.04.29"]
[Round "1.6"]
[White "Hochstrasser, Michael"]
[Black "Heinzel, Olaf"]
[Result "1/2-1/2"]
[WhiteElo "2365"]
[BlackElo "2413"]
[PlyCount "82"]
[EventDate "2005.??.??"]
[EventType "team"]
[EventRounds "3"]
[EventCategory "1"]
[WhiteTeam "Schweiz"]
[BlackTeam "Bayern"]

1. d4 Nf6 2. c4 e5 3. dxe5 Ne4 4. Nf3 Nc6 5. Nbd2 Bb4 6. a3 Nxd2 7. Bxd2 Bxd2+
8. Qxd2 Qe7 9. Qc3 O-O 10. Rd1 Re8 11. Rd5 b6 12. e3 Bb7 13. Be2 Rad8 14. O-O
Nb8 15. Rc1 h6 16. h3 Rc8 17. Rd2 Bxf3 18. Bxf3 Qxe5 19. c5 c6 20. b4 Qxc3 21.
Rxc3 Re5 22. Be2 Rce8 23. a4 Re4 24. Rb2 bxc5 25. Rxc5 d6 26. Ra5 R8e7 27. b5
R4e5 28. Rd2 Rd7 29. Bf3 Rc5 30. Bxc6 Nxc6 31. bxc6 Rxc6 32. Rd4 Kf8 33. Rb5
Ke7 34. Re4+ Kd8 35. g4 Kc7 36. Kg2 Rb6 37. Rc4+ Kb7 38. Rd5 Rc6 39. Rb5+ Rb6
40. Rd5 Rc6 41. Rb5+ Rb6 1/2-1/2

[Event "Bodensee-Cup"]
[Site "Kreuzlingen"]
[Date "2005.04.29"]
[Round "1.7"]
[White "Klundt, Klaus"]
[Black "Lötscher, Roland"]
[Result "1/2-1/2"]
[WhiteElo "2392"]
[BlackElo "2354"]
[PlyCount "64"]
[EventDate "2005.??.??"]
[EventType "team"]
[EventRounds "3"]
[EventCategory "1"]
[WhiteTeam "Bayern"]
[BlackTeam "Schweiz"]

1. e4 c5 2. Nf3 d6 3. d4 cxd4 4. Nxd4 Nf6 5. Nc3 g6 6. Bc4 Bg7 7. h3 O-O 8. O-O
Nc6 9. Be3 Nxe4 10. Bxf7+ Kxf7 11. Nxe4 Nxd4 12. Bxd4 e5 13. Be3 d5 14. Bg5 Qd7
15. Nc3 d4 16. Ne4 Qc6 17. Re1 Bf5 18. Qd3 Rac8 19. Rac1 b5 20. Qb3+ Be6 21.
Qxb5 Qxb5 22. Nd6+ Kg8 23. Nxb5 Rb8 24. Nxd4 exd4 25. Rxe6 Rxb2 26. Ra6 d3 27.
cxd3 Bd4 28. Be3 Bxe3 29. fxe3 Rff2 30. Rxa7 Rxg2+ 31. Kf1 Rgf2+ 32. Kg1 Rg2+
1/2-1/2

[Event "Bodensee-Cup"]
[Site "Kreuzlingen"]
[Date "2005.04.29"]
[Round "1.8"]
[White "Carron, Julien"]
[Black "Meister, Peter"]
[Result "1/2-1/2"]
[WhiteElo "2281"]
[BlackElo "2392"]
[PlyCount "82"]
[EventDate "2005.??.??"]
[EventType "team"]
[EventRounds "3"]
[EventCategory "1"]
[WhiteTeam "Schweiz"]
[BlackTeam "Bayern"]

1. d4 e6 2. c4 f5 3. g3 Nf6 4. Bg2 c6 5. Nf3 d5 6. O-O Bd6 7. b3 Qe7 8. Bb2 b6
9. Nbd2 Bb7 10. Qc2 O-O 11. Ne5 a5 12. Nd3 Na6 13. a3 Rac8 14. Rfc1 c5 15. e3
Rfd8 16. Nf3 Ne4 17. Qe2 dxc4 18. bxc4 Nb8 19. Nfe5 Nd7 20. Nxd7 Rxd7 21. f3
Ng5 22. dxc5 bxc5 23. Bc3 Bc7 24. Ne5 Bxe5 25. Bxe5 Bc6 26. Bc3 a4 27. Rab1 Rb7
28. h4 Nf7 29. Qc2 Rcb8 30. e4 fxe4 31. f4 Rxb1 32. Rxb1 Rxb1+ 33. Qxb1 Qb7 34.
Qxb7 Bxb7 35. Bh3 Bc8 36. Be5 Nxe5 37. fxe5 e3 38. Bf1 Bb7 39. Bd3 Bf3 40. Kf1
h6 41. Bc2 Bc6 1/2-1/2

[Event "Bodensee-Cup"]
[Site "Kreuzlingen"]
[Date "2005.04.29"]
[Round "1.9"]
[White "Blaskowski, Johannes"]
[Black "Huss, Andreas"]
[Result "1/2-1/2"]
[WhiteElo "2385"]
[BlackElo "2308"]
[PlyCount "60"]
[EventDate "2005.??.??"]
[EventType "team"]
[EventRounds "3"]
[EventCategory "1"]
[WhiteTeam "Bayern"]
[BlackTeam "Schweiz"]

1. e4 e6 2. d4 d5 3. exd5 exd5 4. Qf3 Nf6 5. h3 c5 6. Bb5+ Bd7 7. Bxd7+ Nbxd7
8. Ne2 cxd4 9. Nxd4 Bc5 10. c3 O-O 11. O-O Re8 12. Nd2 Ne5 13. Qd1 Ne4 14. Nxe4
dxe4 15. Be3 Qb6 16. b4 Bf8 17. Nf5 Qg6 18. Ng3 Rad8 19. Qe2 a6 20. Rad1 f5 21.
Rxd8 Rxd8 22. Rd1 Nd3 23. Nh5 Rc8 24. Nf4 Nxf4 25. Bxf4 Qe6 26. Qd2 b5 27. Be3
Kf7 28. g3 Be7 29. Bd4 Rd8 30. Ra1 Bf6 1/2-1/2

[Event "Bodensee-Cup"]
[Site "Kreuzlingen"]
[Date "2005.04.29"]
[Round "1.10"]
[White "Allemann, Anton"]
[Black "Heinz, Axel"]
[Result "1/2-1/2"]
[WhiteElo "2269"]
[BlackElo "2354"]
[PlyCount "90"]
[EventDate "2005.??.??"]
[EventType "team"]
[EventRounds "3"]
[EventCategory "1"]
[WhiteTeam "Schweiz"]
[BlackTeam "Bayern"]

1. e4 c5 2. c3 d5 3. exd5 Qxd5 4. d4 Nf6 5. Nf3 Bg4 6. Be2 e6 7. h3 Bh5 8. O-O
Nc6 9. Be3 cxd4 10. Nxd4 Bxe2 11. Qxe2 Be7 12. Rd1 O-O 13. c4 Nxd4 14. Bxd4 Qc6
15. Nc3 a6 16. b3 Rfd8 17. Rd2 Rac8 18. Rad1 h6 19. a4 Rd7 20. Rd3 Rcd8 21. Qe3
Bc5 22. Bxc5 Rxd3 23. Rxd3 Rxd3 24. Qxd3 Qxc5 25. Qd8+ Kh7 26. Qd3+ Kh8 27. Ne4
Nxe4 28. Qxe4 Qb4 29. Qf3 Kg8 30. g3 a5 31. Qd3 b6 32. Qd8+ Kh7 33. Qd3+ f5 34.
Kg2 Qe7 35. Qd4 Qb7+ 36. Kg1 Qc6 37. Qe5 Kg6 38. Qd4 Qc7 39. Qd3 Kf6 40. Kg2 e5
41. Qd5 e4 42. Qd4+ Kg6 43. h4 Qc6 44. Kh2 Qc5 45. Qd2 Kf6 1/2-1/2